Interaction between some antidiabetic and antihypertensive drugs / (رقم التسجيلة. 177577)

تفاصيل مارك
000 -LEADER
fixed length control field 01493namaa22003251i 4500
005 - أخر تعامل مع التسجيلة
control field 20260303093821.0
008 - FIXED-LENGTH DATA ELEMENTS--GENERAL INFORMATION
fixed length control field 260111r1996 ua a|||frm||| 000 0 eng d
040 ## - CATALOGING SOURCE
Original cataloguing agency EG-GICUC
Language of cataloging eng
Transcribing agency EG-GICUC
Modifying agency EG-GICUC
Description conventions rda
041 0# - LANGUAGE CODE
Language code of text/sound track or separate title eng
Language code of summary or abstract eng
-- ara
049 ## - Acquisition Source
Acquisition Source Deposit
097 ## - Degree
Degree M.Sc
099 ## - LOCAL FREE-TEXT CALL NUMBER (OCLC)
Local Call Number Cai01.10.15.M.Sc.1996.Em.I
100 0# - MAIN ENTRY--PERSONAL NAME
Authority record control number or standard number Eman El Deen Kamal Soliman,
Preparation preparation.
245 10 - TITLE STATEMENT
Title Interaction between some antidiabetic and antihypertensive drugs /
Remainder of title
Statement of responsibility, etc. By Eman El Deen Kamal Soliman ; Supervision Prof. Dr. Mohamed Atef Ahmed Shehata, Prof. Dr. Abou-Baker Youssef El-Gendi, Dr. Nehal Ali Afifi
246 15 - VARYING FORM OF TITLE
Title proper/short title التداخل الدوائي بين بعض أدوية علاج مرض السكر وادويو ارتفاع ضغط الدم
264 #0 - PRODUCTION, PUBLICATION, DISTRIBUTION, MANUFACTURE, AND COPYRIGHT NOTICE
Date of production, publication, distribution, manufacture, or copyright notice 1995.
300 ## - PHYSICAL DESCRIPTION
Extent 207 Leaves
Other physical details illustrations
Dimensions 30 cm. +
336 ## - CONTENT TYPE
Source rda content
Content type term text
337 ## - MEDIA TYPE
Source rdamedia
Media type term Unmediated
338 ## - CARRIER TYPE
Source rdacarrier
Carrier type term volume
502 ## - DISSERTATION NOTE
Dissertation note Thesis (M.Sc.)-Cairo University, 1995.
504 ## - BIBLIOGRAPHY, ETC. NOTE
Bibliography, etc. note Bibliography: pages193-207
653 #0 - INDEX TERM--UNCONTROLLED
Uncontrolled term antidiabetic and antihypertensive drugs
700 0# - ADDED ENTRY--PERSONAL NAME
Personal name Mohamed Atef Ahmed Shehata
Relator term thesis advisor.
700 0# - ADDED ENTRY--PERSONAL NAME
Personal name Abou-Baker Youssef El-Gendi
Relator term thesis advisor.
700 0# - ADDED ENTRY--PERSONAL NAME
Personal name Nehal Ali Afifi
Relator term thesis advisor.
900 ## - Thesis Information
Department Department of Veterinary Pharmacology
Faculties Faculty of Veterinary Medicine
Universities Cairo University
Grant date 1995
Supervisory body Mohamed Atef Ahmed Shehata
-- Abou-Baker Youssef El-Gendi
-- Nehal Ali Afifi
905 ## - Cataloger and Reviser Names
Cataloger Name Nehad
Reviser Names Nourhan
942 ## - ADDED ENTRY ELEMENTS (KOHA)
Source of classification or shelving scheme Dewey Decimal Classification
Koha item type Thesis
Edition 21
Suppress in OPAC No
المقتنيات
Source of classification or shelving scheme Home library Current library Date acquired Inventory number Full call number Barcode Date last seen Effective from Koha item type
Dewey Decimal Classification المكتبة المركزبة الجديدة - جامعة القاهرة مكتبة المئوية 11.01.2026 27434 Cai01.10.15.M.Sc.1996.Em.I 01010110027434000 11.01.2026 11.01.2026 Thesis
Cairo University Libraries Portal Implemented & Customized by: Eng. M. Mohamady Contacts: new-lib@cl.cu.edu.eg | cnul@cl.cu.edu.eg
CUCL logo CNUL logo
© All rights reserved — Cairo University Libraries
CUCL logo
Implemented & Customized by: Eng. M. Mohamady Contact: new-lib@cl.cu.edu.eg © All rights reserved — New Central Library
CNUL logo
Implemented & Customized by: Eng. M. Mohamady Contact: cnul@cl.cu.edu.eg © All rights reserved — Cairo National University Library